Nurse as Educator: (Record no. 9957)

MARC details
000 -LEADER
fixed length control field 00451nam a22001577a 4500
008 - FIXED-LENGTH DATA ELEMENTS--GENERAL INFORMATION
fixed length control field 240806b |||||||| |||| 00| 0 eng d
020 ## - INTERNATIONAL STANDARD BOOK NUMBER
International Standard Book Number 9781284229271
082 ## - DEWEY DECIMAL CLASSIFICATION NUMBER
Classification number 610.73
100 ## - MAIN ENTRY--PERSONAL NAME
Personal name Bastable, Susan B.
245 ## - TITLE STATEMENT
Title Nurse as Educator:
Remainder of title Principles of Teaching and Learning for Nursing Practice
250 ## - EDITION STATEMENT
Edition statement 6th ed.
260 ## - PUBLICATION, DISTRIBUTION, ETC.
Place of publication, distribution, etc. USA:
Name of publisher, distributor, etc. Jones and Bartlett,
Date of publication, distribution, etc. 2023.
300 ## - PHYSICAL DESCRIPTION
Extent xx, 725 p.;
Other physical details ill,
Dimensions 22.5 Cm.
942 ## - Added entry Elements (Koha)
Source of classification or shelving scheme Dewey Decimal Classification
Holdings
Withdrawn status Lost status Source of classification or shelving scheme Damaged status Not for loan Collection code Home library Current library Shelving location Date acquired Serial Enumeration / chronology Total Checkouts Total Renewals Full call number Barcode Date last seen Date last checked out Price effective from Koha item type
    Dewey Decimal Classification     Main TEST RTC Library RTC Library Main opac 06/08/2024 18581 1 1 610.73 BAS C.1 30019724 29/10/2025 30/09/2025 06/08/2024 Main
    Dewey Decimal Classification     Main TEST RTC Library RTC Library Main opac 06/08/2024 18708 1 3 610.73 BAS C.2 30019871 18/11/2025 30/09/2025 06/08/2024 Main
    Dewey Decimal Classification     Main TEST RTC Library RTC Library Main opac 06/08/2024 18697 1 2 610.73 BAS C.3 30019644 18/11/2025 30/09/2025 06/08/2024 Main
    Dewey Decimal Classification     Main TEST RTC Library RTC Library Main opac 06/08/2024 18746 1 2 610.73 BAS C.4 30019905 18/11/2025 30/09/2025 06/08/2024 Main
    Dewey Decimal Classification     Main TEST RTC Library RTC Library Main opac 06/08/2024 18747 1 1 610.73 BAS C.5 30019885 29/10/2025 30/09/2025 06/08/2024 Main
    Dewey Decimal Classification     Main TEST RTC Library RTC Library Main opac 06/08/2024 18748 2 1 610.73 BAS C.6 30019889 13/10/2025 30/09/2025 06/08/2024 Main
    Dewey Decimal Classification     Main TEST RTC Library RTC Library Main opac 06/08/2024 18750 1 1 610.73 BAS C.7 30019995 14/10/2025 30/09/2025 06/08/2024 Main
    Dewey Decimal Classification     Main TEST RTC Library RTC Library Main opac 06/08/2024 18851     610.73 BAS C.8 30019996 17/09/2024   06/08/2024 Main
Royal Thimphu College || All Right Reserved